[Event "Imperia op-A 50th"]
[Site "Imperia"]
[Date "2018.09.07"]
[Round "7.12"]
[White "Faraci, Antonino"]
[Black "Lagrotteria, Salvatore"]
[Result "1/2-1/2"]
[WhiteElo "1892"]
[BlackElo "2148"]
[PlyCount "63"]
[EventDate "2018.09.02"]
[EventType "swiss"]
[EventRounds "9"]
[EventCountry "ITA"]
[SourceTitle "EXT 2024"]
[Source "ChessBase"]
[SourceDate "2023.10.10"]
[SourceVersion "1"]
[SourceVersionDate "2023.10.10"]
[SourceQuality "1"]

1. e4 g6 2. d4 Bg7 3. c3 d6 4. Bd3 Nd7 5. Ne2 c5 6. 0-0 Ngf6 7. Kh1 0-0 8. Na3 a6 9. Nc2 b5 10. Ng3 h5 11. Re1 Qc7 12. Bg5 Re8 13. Qd2 Nh7 14. Bh6 Ndf6 15. Bxg7 Kxg7 16. h4 e5 17. f3 Qe7 18. Nf1 c4 19. Be2 Ng8 20. g3 f5 21. exf5 gxf5 22. f4 Ngf6 23. fxe5 dxe5 24. dxe5 Qb7+ 25. Kh2 Rxe5 26. Nd4 Ra7 27. Rad1 Qb6 28. Bf3 Ne4 29. Bxe4 fxe4 30. Qf4 Rae7 31. Ne3 Qg6 32. Rf1 1/2-1/2

[Event "Imperia op-A 52th"]
[Site "Imperia"]
[Date "2010.09.02"]
[Round "6"]
[White "Faraci, Antonino"]
[Black "Mitura, Vaclav"]
[Result "0-1"]
[WhiteElo "1973"]
[BlackElo "2150"]
[PlyCount "80"]
[EventDate "2010.08.29"]
[EventType "swiss"]
[EventRounds "9"]
[EventCountry "ITA"]
[SourceTitle "EXT 2024"]
[Source "ChessBase"]
[SourceDate "2023.10.10"]
[SourceVersion "1"]
[SourceVersionDate "2023.10.10"]
[SourceQuality "1"]

1. e4 c5 2. Nf3 d6 3. d4 cxd4 4. Nxd4 Nf6 5. Nc3 a6 6. Bg5 e6 7. Bd3 Nbd7 8. 0-0 Qc7 9. Kh1 b5 10. f4 Be7 11. Qf3 Bb7 12. a3 h6 13. Qh3 0-0-0 14. Bxf6 Bxf6 15. Nce2 Kb8 16. c4 Qb6 17. Nf3 Nc5 18. Bc2 bxc4 19. Nd2 Qxb2 20. Rfc1 Nd3 21. Bxd3 Qxd2 22. Rd1 Qa5 23. Bxc4 Bxa1 24. Rxa1 Ka8 25. Qe3 Rc8 26. Qb3 Rc7 27. Bd3 Rhc8 28. h3 g5 29. fxg5 hxg5 30. Rb1 g4 31. Kh2 Qe5+ 32. Kg1 gxh3 33. g3 Qc5+ 34. Kh1 Qe3 35. Ng1 Bxe4+ 36. Bxe4+ Qxe4+ 37. Nf3 Rc1+ 38. Rxc1 Rxc1+ 39. Kh2 Qe2+ 40. Kxh3 Rh1+ 0-1

[Event "ITA-ch Seniors 31st"]
[Site "Arvier"]
[Date "2009.04.29"]
[Round "6"]
[White "Faraci, Antonino"]
[Black "Papa, Angelo"]
[Result "1-0"]
[WhiteElo "2012"]
[BlackElo "1882"]
[PlyCount "76"]
[EventDate "2009.04.24"]
[EventType "swiss"]
[EventRounds "9"]
[EventCountry "ITA"]
[SourceTitle "EXT 2011"]
[Source "ChessBase"]
[SourceDate "2010.11.26"]
[SourceVersion "1"]
[SourceVersionDate "2010.11.26"]
[SourceQuality "1"]

1. c4 Nf6 2. Nc3 g6 3. e4 d6 4. g3 Bg7 5. Bg2 0-0 6. Nge2 e5 7. 0-0 Nc6 8. d3 Bd7 9. Rb1 a5 10. h3 Ne8 11. Be3 f5 12. Qd2 Nf6 13. Bg5 Qc8 14. Kh2 fxe4 15. dxe4 Be6 16. Nd5 Bxd5 17. cxd5 Nd8 18. Rbc1 Nf7 19. Bxf6 Bxf6 20. Qc3 Bd8 21. h4 Qg4 22. Qe3 Qd7 23. Bh3 Qb5 24. Rc2 c5 25. dxc6 bxc6 26. Bd7 Bb6 27. Qd2 Bc5 28. f4 Rad8 29. Be6 Bd4 30. f5 Kg7 31. fxg6 hxg6 32. Bxf7 Rxf7 33. Rxf7+ Kxf7 34. Nxd4 exd4 35. Qxd4 Qe5 36. Rf2+ Ke6 37. Qc4+ d5 38. Qxc6+ Qd6 1-0

[Event "ITA-ch Seniors 31st"]
[Site "Arvier"]
[Date "2009.04.25"]
[Round "2"]
[White "Faraci, Antonino"]
[Black "Gardi, Giuseppe"]
[Result "0-1"]
[WhiteElo "2012"]
[BlackElo "2008"]
[PlyCount "80"]
[EventDate "2009.04.24"]
[EventType "swiss"]
[EventRounds "9"]
[EventCountry "ITA"]
[SourceTitle "EXT 2011"]
[Source "ChessBase"]
[SourceDate "2010.11.26"]
[SourceVersion "1"]
[SourceVersionDate "2010.11.26"]
[SourceQuality "1"]

1. e4 g6 2. d4 Bg7 3. Nc3 c6 4. f4 d5 5. e5 Nh6 6. Nf3 0-0 7. Bd3 Bf5 8. Bxf5 Nxf5 9. g4 Nh6 10. h3 Na6 11. Be3 f6 12. Qd2 fxe5 13. dxe5 Nf7 14. 0-0-0 e6 15. h4 c5 16. h5 g5 17. h6 Bh8 18. Qh2 Qe8 19. Bd2 gxf4 20. Bxf4 Nd8 21. g5 Qf7 22. Ne2 Qg6 23. Nh4 Qe4 24. g6 Nb4 25. gxh7+ Kxh7 26. Rd2 Nxa2+ 27. Kb1 Nb4 28. Rg1 Ndc6 29. Rg7+ Bxg7 30. hxg7 Kxg7 31. Qg1+ Kf7 32. Nc3 Qh7 33. Rf2 Ke8 34. Qg4 Kd7 35. Rd2 Nd4 36. b3 Rg8 37. Qh3 Nbxc2 38. Kb2 Raf8 39. Nxd5 Qe4 40. Bg3 Qxd5 0-1

[Event "ITA-ch Seniors 31st"]
[Site "Arvier"]
[Date "2009.04.24"]
[Round "1"]
[White "Centofante, Maria Rosa"]
[Black "Faraci, Antonino"]
[Result "0-1"]
[WhiteElo "1603"]
[BlackElo "2012"]
[PlyCount "40"]
[EventDate "2009.04.24"]
[EventType "swiss"]
[EventRounds "9"]
[EventCountry "ITA"]
[SourceTitle "EXT 2011"]
[Source "ChessBase"]
[SourceDate "2010.11.26"]
[SourceVersion "1"]
[SourceVersionDate "2010.11.26"]
[SourceQuality "1"]

1. d4 d5 2. Nf3 c6 3. c4 e6 4. Nc3 f5 5. cxd5 exd5 6. Bg5 Nf6 7. e3 Bd6 8. Bd3 0-0 9. Qc2 h6 10. Bh4 f4 11. Bxf6 Qxf6 12. e4 dxe4 13. Bxe4 Na6 14. 0-0-0 Nb4 15. Qb3+ Be6 16. d5 Bf7 17. a3 Na6 18. Qxb7 Nc5 19. Qxc6 Rfc8 20. Qb5 Nxe4 0-1

[Event "Imperia Corallo op-A 1st"]
[Site "Imperia"]
[Date "2006.11.25"]
[Round "3"]
[White "Pedemonte, Claudio"]
[Black "Faraci, Antonino"]
[Result "0-1"]
[WhiteElo "1917"]
[BlackElo "2060"]
[PlyCount "68"]
[EventDate "2006.11.24"]
[EventType "swiss"]
[EventRounds "5"]
[EventCountry "ITA"]
[SourceTitle "EXT 2024"]
[Source "ChessBase"]
[SourceDate "2023.10.10"]
[SourceVersion "1"]
[SourceVersionDate "2023.10.10"]
[SourceQuality "1"]

1. c4 e5 2. e4 Nc6 3. g3 d6 4. Bg2 Be6 5. d3 Qd7 6. Nc3 g6 7. Be3 Bg7 8. Qd2 Nd4 9. 0-0-0 c6 10. f4 b5 11. f5 gxf5 12. cxb5 f4 13. gxf4 cxb5 14. Kb1 b4 15. Nd5 b3 16. Bxd4 bxa2+ 17. Ka1 Bxd5 18. exd5 exd4 19. Nf3 Rb8 20. Rhe1+ Kf8 21. Ng5 h6 22. Bh3 Qb7 23. Ne4 Nf6 24. Nxd6 Qxd5 25. Nc4 Ne8 26. Qe2 Bf6 27. Ne5 Bxe5 28. fxe5 Ng7 29. Rf1 Re8 30. Rde1 Ne6 31. Qf2 Nc5 32. e6 Nb3+ 33. Kxa2 Nd2+ 34. b3 Qxb3+ 0-1

[Event "Imperia op-A 48th"]
[Site "Imperia"]
[Date "2006.09.05"]
[Round "3"]
[White "Tomassoni, Leonardo"]
[Black "Faraci, Antonino"]
[Result "1-0"]
[WhiteElo "2005"]
[BlackElo "2060"]
[PlyCount "65"]
[EventDate "2006.09.03"]
[EventType "swiss"]
[EventRounds "9"]
[EventCountry "ITA"]
[SourceTitle "EXT 2011"]
[Source "ChessBase"]
[SourceDate "2010.11.26"]
[SourceVersion "1"]
[SourceVersionDate "2010.11.26"]
[SourceQuality "1"]

1. e4 c5 2. Nf3 a6 3. d4 cxd4 4. Nxd4 Nf6 5. Nc3 e5 6. Nf3 d6 7. h3 Be7 8. Be3 b5 9. a3 Bb7 10. Bd3 Nbd7 11. b4 Qc7 12. Bd2 0-0 13. 0-0 d5 14. Nxd5 Nxd5 15. exd5 Bxd5 16. Bf5 Nb6 17. Re1 Bf6 18. Be4 Rad8 19. Rb1 Nc4 20. Qc1 Nxd2 21. Nxd2 Bg5 22. Re3 Bxe3 23. fxe3 Qc3 24. Bd3 f5 25. Nf1 Qc6 26. Ng3 Bxg2 27. Nxf5 Bxh3 28. Ne7+ Kh8 29. Nxc6 Rd6 30. Nxe5 Re6 31. Qb2 Rfe8 32. Nf7+ Kg8 33. Ng5 1-0

[Event "Imperia op-A 48th"]
[Site "Imperia"]
[Date "2006.09.03"]
[Round "1"]
[White "Luciani, Carlo"]
[Black "Faraci, Antonino"]
[Result "1-0"]
[WhiteElo "2236"]
[BlackElo "2060"]
[PlyCount "73"]
[EventDate "2006.09.03"]
[EventType "swiss"]
[EventRounds "9"]
[EventCountry "ITA"]
[SourceTitle "EXT 2011"]
[Source "ChessBase"]
[SourceDate "2010.11.26"]
[SourceVersion "1"]
[SourceVersionDate "2010.11.26"]
[SourceQuality "1"]

1. e4 c5 2. Nf3 a6 3. g3 Nc6 4. d4 cxd4 5. Nxd4 Nf6 6. Bg2 e5 7. Ne2 Be7 8. 0-0 d6 9. h3 Be6 10. Nbc3 Qd7 11. Kh2 h5 12. Nd5 Bd8 13. Be3 Bxd5 14. exd5 Ne7 15. f4 Nf5 16. Qd3 h4 17. g4 Nxe3 18. Qxe3 0-0 19. fxe5 dxe5 20. c4 e4 21. Rf5 Bc7+ 22. Kg1 Qd6 23. c5 Nxd5 24. cxd6 Nxe3 25. dxc7 Nxf5 26. gxf5 Rac8 27. Rc1 Rfe8 28. Nf4 Re5 29. Kf2 Rxf5 30. Ke3 g5 31. Nh5 Re5 32. Kd4 Re7 33. Nf6+ Kf8 34. Nd5 Re6 35. Bxe4 Rc6 36. Rxc6 bxc6 37. Bf5 1-0